[Event "73rd Tata Steel GMC"]
[Site "Wijk aan Zee NED"]
[Date "2011.01.15"]
[Round "1"]
[White "Van der Werf, M."]
[Black "Bok, B."]
[Result "1/2-1/2"]
[WhiteElo "2439"]
[BlackElo "2453"]
[PlyCount "143"]
[EventDate "2011.01.14"]

1. c4 Nf6 2. Nc3 e5 3. Nf3 Nc6 4. g3 Nd4 5. Bg2 Nxf3+ 6. Bxf3 Bb4 7. Qb3 Bc5 8.
O-O c6 9. Na4 Be7 10. d4 d6 11. Rd1 Qc7 12. Nc3 O-O 13. d5 Bd7 14. Bd2 h6 15.
Rac1 c5 16. Bg2 Nh7 17. f4 exf4 18. gxf4 Rae8 19. Bf3 Bf6 20. Ne4 Bh4 21. Be1
Bxe1 22. Rxe1 b6 23. Ng3 Qd8 24. e4 Qh4 25. f5 Qf6 26. Kh1 Qe5 27. Nh5 Nf6 28.
Nxf6+ Qxf6 29. Rg1 Kh8 30. Rg3 Rb8 31. a4 Rg8 32. Qc2 a6 33. Be2 b5 34. cxb5
axb5 35. a5 Ra8 36. Ra1 Qe5 37. Bf3 Ra7 38. Qd2 b4 39. Qg2 Bb5 40. Bh5 Qf6 41.
Bf3 Qd4 42. Rh3 Kh7 43. Rg1 Qf6 44. Bh5 Rxa5 45. Qd2 Rga8 46. Rhg3 Ra1 47. Bd1
Rg8 48. b3 Rb1 49. Qf4 Kh8 50. Qd2 Qe5 51. Rg4 Rb2 52. Bc2 Ra2 53. Rh4 Qf6 54.
Rh3 Ra1 55. Bb1 Kh7 56. Qe3 Re8 57. Rhg3 Rg8 58. e5 Qxe5 59. Qxe5 dxe5 60. f6+
Rxb1 61. Rxb1 g5 62. Rc1 Rc8 63. Re3 Kg6 64. Rxe5 Kxf6 65. Re4 Ba6 66. Kg1 Bb7
67. Rec4 Bxd5 68. Rxc5 Rxc5 69. Rxc5 Bxb3 70. Rb5 Be6 71. Rxb4 Kg6 72. Rb6
1/2-1/2

[Event "73rd Tata Steel GMC"]
[Site "Wijk aan Zee NED"]
[Date "2011.01.15"]
[Round "1"]
[White "Siebrecht, S."]
[Black "Pruijssers, R."]
[Result "1/2-1/2"]
[WhiteElo "2439"]
[BlackElo "2484"]
[PlyCount "142"]
[EventDate "2011.01.14"]

1. d4 Nf6 2. c4 g6 3. Nc3 Bg7 4. e4 d6 5. Be2 O-O 6. Be3 e5 7. d5 Na6 8. g4 Nc5
9. Bf3 a5 10. h4 Qd7 11. g5 Ng4 12. Bxc5 dxc5 13. h5 f6 14. hxg6 hxg6 15. Nh3
a4 16. Qe2 fxg5 17. Nxg5 Qe7 18. Ne6 Bxe6 19. dxe6 Nf6 20. Nd5 Nxd5 21. cxd5 c4
22. a3 Rf4 23. Bg4 Bf6 24. f3 b5 25. Qh2 Rb8 26. O-O-O b4 27. axb4 Rb6 28. Kb1
Qg7 29. b5 Rxb5 30. d6 cxd6 31. Rxd6 c3 32. b4 Rxb4+ 33. Ka1 Rb2 34. Qh3 Rd2
35. Rc6 c2 36. Rc8+ Rd8 37. Rxc2 Qe7 38. Ka2 Rb8 39. Rb1 Rd8 40. Rb5 Bh4 41.
Qf1 Rff8 42. Qc4 Rd4 43. Qc7 Rd2 44. Qc3 Rxc2+ 45. Qxc2 Rd8 46. Rxe5 Qb4 47.
Rd5 Rxd5 48. exd5 Qb3+ 49. Qxb3 axb3+ 50. Kxb3 Bg3 51. Kc4 Kf8 52. Kd4 Ke7 53.
Ke4 Bd6 54. f4 Kf6 55. Bd1 Bc5 56. Ba4 Bd6 57. Be8 Bb8 58. Bf7 Bd6 59. Be8 Bb8
60. Bb5 Bd6 61. Bd3 Bc5 62. Kf3 Bd6 63. Kg4 Bc5 64. Bb5 Bd6 65. Bd3 Bc5 66. Kf3
Bd6 67. Ke4 Bc5 68. Bc2 Bd6 69. Ba4 Bc5 70. Bd7 Bd6 71. Be8 Bb8 1/2-1/2

[Event "73rd Tata Steel GMC"]
[Site "Wijk aan Zee NED"]
[Date "2011.01.15"]
[Round "1"]
[White "Ivanisevic, I."]
[Black "Sachdev, T."]
[Result "0-1"]
[WhiteElo "2630"]
[BlackElo "2391"]
[PlyCount "60"]
[EventDate "2011.01.14"]

1. e4 e5 2. Nc3 Nc6 3. f4 exf4 4. Nf3 g5 5. h4 g4 6. Ng5 d6 7. d4 h6 8. Nxf7
Kxf7 9. Bc4+ Kg7 10. Bxf4 Nf6 11. O-O Be7 12. Qd2 Na5 13. Bd3 Nc6 14. Nd5 Nxd4
15. Nxe7 Qxe7 16. e5 Nd5 17. exd6 cxd6 18. Bc4 Qe4 19. Bd3 Qe7 20. Rae1 Qxh4
21. Re4 Nf5 22. Rc4 b5 23. Bxf5 Bxf5 24. Qxd5 bxc4 25. Bxd6 Rhf8 26. Be5+ Kg6
27. Qc6+ Kh5 28. Bf4 Qf6 29. Bd6 Rad8 30. Rd1 Rfe8 0-1

[Event "73rd Tata Steel GMC"]
[Site "Wijk aan Zee NED"]
[Date "2011.01.15"]
[Round "1"]
[White "Swiercz, D."]
[Black "De Jong, JW."]
[Result "1-0"]
[WhiteElo "2540"]
[BlackElo "2437"]
[PlyCount "65"]
[EventDate "2011.01.14"]

1. e4 e5 2. Nf3 Nc6 3. Bb5 a6 4. Ba4 Nf6 5. O-O Nxe4 6. d4 b5 7. Bb3 d5 8. dxe5
Be6 9. Be3 Be7 10. c3 Nc5 11. Bc2 Nd7 12. Nd4 Ndxe5 13. Nxe6 fxe6 14. Nd2 O-O
15. f4 Ng6 16. Nb3 Bd6 17. Qh5 Nce7 18. Nc5 Bxc5 19. Bxc5 Rf7 20. Rae1 Qd7 21.
g4 Nf8 22. Re3 Qe8 23. Qh3 g6 24. b4 Nd7 25. Bd4 Nc6 26. Bxg6 Nxd4 27. Bxf7+
Qxf7 28. cxd4 Nf6 29. Re5 Ne4 30. Qh6 Re8 31. f5 exf5 32. Rfxf5 Qd7 33. Rg5+
1-0

[Event "73rd Tata Steel GMC"]
[Site "Wijk aan Zee NED"]
[Date "2011.01.15"]
[Round "1"]
[White "Van Kampen, R."]
[Black "Vocaturo, D."]
[Result "0-1"]
[WhiteElo "2443"]
[BlackElo "2570"]
[PlyCount "166"]
[EventDate "2011.01.14"]

1. e4 e5 2. Nf3 Nc6 3. Bb5 a6 4. Ba4 Nf6 5. O-O Be7 6. Re1 b5 7. Bb3 d6 8. c3
O-O 9. h3 h6 10. d4 Re8 11. Nbd2 Bf8 12. Nf1 Bd7 13. Ng3 Na5 14. Bc2 Nc4 15. a4
c5 16. b3 Na5 17. axb5 axb5 18. Be3 Qc7 19. d5 Rec8 20. Nd2 Nb7 21. Qe2 Ra5 22.
Bd3 Rca8 23. Rxa5 Qxa5 24. b4 Qa4 25. bxc5 Nxc5 26. Rb1 Nxd3 27. Qxd3 Rc8 28.
Ne2 Be7 29. Rb4 Qa6 30. Qb1 Bd8 31. Rb2 Ra8 32. Kh2 Bb6 33. Bxb6 Qxb6 34. Qg1
Qc7 35. f3 Ra4 36. Qe3 Ra1 37. Nb3 Ra3 38. Nbc1 Qc4 39. Qd2 Ne8 40. Ra2 Ra4 41.
g4 Nc7 42. Rb2 Na8 43. Ng3 Ra3 44. Ra2 Rxa2 45. Qxa2 Qa4 46. Qf2 Qa5 47. Qa2
Qa4 48. Qf2 Qa5 49. Qa2 Qd8 50. Qa7 Nb6 51. Nb3 Nc4 52. Nf1 g6 53. Nbd2 Nb6 54.
Ne3 Na4 55. c4 b4 56. Qb7 Qb6 57. Qxb6 Nxb6 58. Nc2 b3 59. Nxb3 Ba4 60. Nba1
Nxc4 61. Kg3 Kg7 62. Ne1 f5 63. exf5 gxf5 64. f4 Ne3 65. fxe5 dxe5 66. gxf5 Kf6
67. Kf3 Nxd5 68. Nac2 Kxf5 69. Ne3+ Nxe3 70. Kxe3 Bc6 71. Nd3 Bg2 72. h4 h5 73.
Kf2 Be4 74. Nc5 Kf4 75. Ne6+ Kg4 76. Ke3 Ba8 77. Nf8 Kxh4 78. Ng6+ Kg3 79. Nxe5
h4 80. Nd3 h3 81. Ke2 h2 82. Nf2 Kg2 83. Ke1 Bf3 0-1

[Event "73rd Tata Steel GMC"]
[Site "Wijk aan Zee NED"]
[Date "2011.01.16"]
[Round "2"]
[White "De Jong, JW."]
[Black "Nyzhnyk, I."]
[Result "1/2-1/2"]
[WhiteElo "2437"]
[BlackElo "2530"]
[PlyCount "134"]
[EventDate "2011.01.14"]

1. d4 Nf6 2. c4 g6 3. Nf3 Bg7 4. g3 O-O 5. Bg2 d6 6. O-O Nc6 7. Nc3 Bg4 8. d5
Na5 9. Nd2 c5 10. Qc2 a6 11. h3 Bd7 12. b3 b5 13. Bb2 Rb8 14. Rab1 Ne8 15. Kh2
e5 16. dxe6 fxe6 17. Nce4 Bxb2 18. Rxb2 Qe7 19. Rbb1 Nc6 20. Nf3 Nf6 21. Nxf6+
Rxf6 22. Qd2 Rd8 23. Rbd1 Be8 24. Ng5 bxc4 25. bxc4 Ne5 26. Ne4 Rf8 27. Nxc5
Nxc4 28. Qd4 d5 29. f4 Bf7 30. e4 e5 31. fxe5 dxe4 32. Qxe4 Nd2 33. Qe3 Nxf1+
34. Rxf1 Bxa2 35. Rxf8+ Rxf8 36. Qe2 Qxc5 37. Qxa2+ Kg7 38. Qxa6 Qxe5 39. h4
Kh6 40. Qb6 Rf6 41. Qa7 Qe2 42. Qa1 Rd6 43. Qa3 Qe5 44. Qc1+ Kg7 45. Qc7+ Kg8
46. Qb8+ Kf7 47. Qc7+ Qe7 48. Qxe7+ Kxe7 49. Bf3 Kf6 50. Kg2 Rd2+ 51. Kg1 Ke5
52. Bc6 Kf5 53. Bf3 h6 54. Kf1 h5 55. Kg1 Ke5 56. Bc6 Rc2 57. Bf3 Kd4 58. Bb7
Ke3 59. Bd5 Rc5 60. Bb7 Rc4 61. Kg2 Rg4 62. Bf3 Kd3 63. Kf2 Kd2 64. Bc6 Kd3 65.
Bb5+ Ke4 66. Bc6+ Ke5 67. Bf3 Ra4 1/2-1/2

[Event "73rd Tata Steel GMC"]
[Site "Wijk aan Zee NED"]
[Date "2011.01.16"]
[Round "2"]
[White "Kazhgaleyev, M."]
[Black "Van Kampen, R."]
[Result "1-0"]
[WhiteElo "2637"]
[BlackElo "2443"]
[PlyCount "107"]
[EventDate "2011.01.14"]

1. d4 d5 2. c4 c6 3. Nc3 Nf6 4. cxd5 cxd5 5. Bf4 Nc6 6. e3 Bf5 7. Qb3 Na5 8.
Qa4+ Bd7 9. Qc2 e6 10. Bd3 Rc8 11. Nf3 Be7 12. O-O O-O 13. Ne5 Nc4 14. Qe2 Nd6
15. Rac1 Be8 16. Rc2 Nfe4 17. Rfc1 f6 18. Nf3 Bc6 19. Bxd6 Nxd6 20. e4 Qd7 21.
e5 Nf7 22. Nb5 Ra8 23. exf6 Bxf6 24. Ne5 Bxe5 25. dxe5 d4 26. Rd1 Rad8 27. Nxa7
Bd5 28. Nb5 Bc6 29. Bc4 Bxb5 30. Bxb5 Qe7 31. Bc4 Nh6 32. Qe4 Nf5 33. g3 Rde8
34. Bd3 g6 35. Rdc1 Rf7 36. Rc8 Kg7 37. Rxe8 Qxe8 38. Rc4 Qd8 39. Rb4 Qc7 40.
Qe2 Qc1+ 41. Kg2 Rd7 42. h4 Qc5 43. a3 Qc7 44. Rc4 Qa5 45. Rb4 Qc7 46. Qe4 Rf7
47. a4 Rd7 48. a5 Qxa5 49. Rxb7 Rxb7 50. Qxb7+ Kh6 51. Qe4 Kg7 52. Bc4 Qb6 53.
b3 h6 54. Kf1 1-0

[Event "73rd Tata Steel GMC"]
[Site "Wijk aan Zee NED"]
[Date "2011.01.16"]
[Round "2"]
[White "Bluvshtein, M."]
[Black "Swiercz, D."]
[Result "1-0"]
[WhiteElo "2590"]
[BlackElo "2540"]
[PlyCount "89"]
[EventDate "2011.01.14"]

1. d4 Nf6 2. c4 e6 3. Nc3 Bb4 4. e3 O-O 5. Nge2 d5 6. a3 Be7 7. cxd5 exd5 8. g3
Nbd7 9. Bg2 Nb6 10. O-O Re8 11. Qc2 Bd7 12. b4 a5 13. b5 c6 14. bxc6 bxc6 15.
Nf4 Bd6 16. e4 Nxe4 17. Nxe4 Bf5 18. Qxc6 Bxe4 19. Nxd5 Bxg2 20. Kxg2 Nxd5 21.
Qxd5 a4 22. Rb1 Be7 23. Qc4 Qd7 24. d5 Red8 25. Rd1 Rac8 26. Qd3 h5 27. Bf4 h4
28. d6 h3+ 29. Kf1 Bf6 30. Qd5 Qg4 31. d7 Rc2 32. f3 Qg6 33. Qe4 Rxh2 34. Qxg6
fxg6 35. Bc7 Rf8 36. Kg1 Rg2+ 37. Kh1 Bd8 38. Bd6 Rf7 39. Bc5 Kh7 40. Rb8 Bc7
41. d8=Q Bxd8 42. Rdxd8 g5 43. Rh8+ Kg6 44. Rb6+ Kf5 45. Rxh3 1-0

[Event "73rd Tata Steel GMC"]
[Site "Wijk aan Zee NED"]
[Date "2011.01.16"]
[Round "2"]
[White "Bok, B."]
[Black "Vocaturo, D."]
[Result "1/2-1/2"]
[WhiteElo "2453"]
[BlackElo "2570"]
[PlyCount "88"]
[EventDate "2011.01.14"]

1. e4 e5 2. Nf3 Nc6 3. Bb5 a6 4. Ba4 Nf6 5. O-O Nxe4 6. d4 b5 7. Bb3 d5 8. dxe5
Be6 9. Nbd2 Be7 10. c3 O-O 11. Bc2 f5 12. Nb3 Qd7 13. Nbd4 Nxd4 14. Nxd4 c5 15.
Nxe6 Qxe6 16. f3 Ng5 17. Bxg5 Bxg5 18. f4 Bd8 19. a4 Bb6 20. Kh1 g6 21. Qf3 c4
22. h3 Kh8 23. b3 d4 24. cxd4 Bxd4 25. Rad1 Rad8 26. bxc4 bxc4 27. Qa3 Rf7 28.
Bb1 Qe7 29. Qa2 Qc5 30. Qe2 Rb7 31. Ba2 Rc8 32. Rb1 Ra7 33. Qc2 c3 34. Rfd1 Rd8
35. Rd3 Qe7 36. Rbd1 Rad7 37. Qb3 Kg7 38. Qc2 Be3 39. Qxc3 Rxd3 40. Rxd3 Rxd3
41. Qxd3 Bxf4 42. Qd6 Qxd6 43. exd6 Bxd6 44. a5 Bc7 1/2-1/2

[Event "73rd Tata Steel GMC"]
[Site "Wijk aan Zee NED"]
[Date "2011.01.16"]
[Round "2"]
[White "Van der Werf, M."]
[Black "Siebrecht, S."]
[Result "0-1"]
[WhiteElo "2439"]
[BlackElo "2439"]
[PlyCount "84"]
[EventDate "2011.01.14"]

1. c4 e5 2. g3 c6 3. d4 e4 4. Nc3 d5 5. Bg2 Be7 6. Nh3 Nf6 7. cxd5 cxd5 8. Bg5
Nc6 9. Nf4 Ng8 10. Bxe7 Ngxe7 11. e3 O-O 12. Qb3 Na5 13. Qb5 a6 14. Qe2 b5 15.
b4 Nc4 16. a4 Qd6 17. O-O Bd7 18. Ra2 g5 19. Nh5 f5 20. axb5 Qxb4 21. Qc2 Na3
22. Qd2 Bxb5 23. Nxb5 Qxd2 24. Rxd2 axb5 25. Rb2 Kf7 26. h3 Rfb8 27. Ra1 b4 28.
Bf1 b3 29. Be2 Ra4 30. Kg2 Nc6 31. g4 f4 32. f3 fxe3 33. fxe4 Nxd4 34. Bd3 e2
35. Bxe2 Nxe2 36. Rxe2 b2 37. Rf1+ Ke7 38. exd5+ Kd6 39. Rf6+ Kc5 40. Rc6+ Kd4
41. Ng3 b1=Q 42. Nf5+ Kd3 0-1

[Event "73rd Tata Steel GMC"]
[Site "Wijk aan Zee NED"]
[Date "2011.01.17"]
[Round "3"]
[White "Ivanisevic, I."]
[Black "Van der Werf, M."]
[Result "1/2-1/2"]
[WhiteElo "2630"]
[BlackElo "2439"]
[PlyCount "131"]
[EventDate "2011.01.14"]

1. d4 Nf6 2. c4 e6 3. Nc3 Bb4 4. Qc2 O-O 5. e4 d5 6. e5 Ne4 7. Bd3 c5 8. Nge2
Nc6 9. O-O cxd4 10. cxd5 exd5 11. Nxd5 Qxd5 12. Bxe4 Qxe5 13. a3 Ba5 14. Bxh7+
Kh8 15. Bf4 Qf6 16. Be4 Bg4 17. Bg3 Rac8 18. Nf4 Rfe8 19. h3 Bd7 20. Qd3 Kg8
21. b4 Bd8 22. Nd5 Qh6 23. Rae1 Bf6 24. Nxf6+ Qxf6 25. Rd1 a6 26. Rfe1 Re7 27.
Kh2 Rce8 28. f3 Bc8 29. h4 Bd7 30. Bf2 Bc8 31. Rc1 Bd7 32. Rc5 Re5 33. Rxe5
Rxe5 34. Bg3 Rh5 35. Kg1 g5 36. Bxc6 Bxc6 37. Re5 Qd8 38. hxg5 Bb5 39. Qe4 d3
40. Rd5 Qb6+ 41. Bf2 Qc7 42. Be3 Bc6 43. Qe5 Qxe5 44. Rxe5 Rh4 45. Bd2 Rc4 46.
Re3 Rd4 47. Kf2 Rd8 48. Re5 Re8 49. Rxe8+ Bxe8 50. Ke3 Bb5 51. Kd4 Kg7 52. Ke5
Bc6 53. Kd6 Kg6 54. Kc7 Kh5 55. Bf4 Kg6 56. Kb6 Kf5 57. Bd2 Ke5 58. a4 Bxa4 59.
Kxb7 Bb5 60. Kc7 Ke6 61. g4 Ke5 62. Kd8 Bc6 63. f4+ Ke4 64. Ke7 Bd5 65. f5 Kf3
66. Kd6 1/2-1/2

[Event "73rd Tata Steel GMC"]
[Site "Wijk aan Zee NED"]
[Date "2011.01.17"]
[Round "3"]
[White "Van Kampen, R."]
[Black "De Jong, JW."]
[Result "1-0"]
[WhiteElo "2443"]
[BlackElo "2437"]
[PlyCount "85"]
[EventDate "2011.01.14"]

1. e4 e5 2. Nf3 Nc6 3. Bb5 a6 4. Ba4 Nf6 5. O-O Be7 6. Re1 b5 7. Bb3 d6 8. c3
O-O 9. d4 Bg4 10. Be3 exd4 11. cxd4 d5 12. e5 Ne4 13. Nc3 Nxc3 14. bxc3 f5 15.
Bf4 g5 16. Bc1 f4 17. a4 Be6 18. Nd2 Na5 19. Bc2 g4 20. axb5 axb5 21. Nf1 Qe8
22. Ba3 Nc4 23. Bxe7 Qxe7 24. Bd3 Qf7 25. Qb3 c6 26. Ra2 Ra7 27. Rea1 Rfa8 28.
Qb1 Qe7 29. Bxh7+ Kh8 30. Bd3 Kg7 31. Qb3 Qf7 32. Bb1 Rxa2 33. Rxa2 Rxa2 34.
Qxa2 Bf5 35. Bxf5 Qxf5 36. Qa7+ Qf7 37. Qa8 Qe6 38. Qd8 Kg6 39. Qf8 Kg5 40. g3
f3 41. h3 gxh3 42. Nh2 Kg6 43. Nxf3 1-0

[Event "73rd Tata Steel GMC"]
[Site "Wijk aan Zee NED"]
[Date "2011.01.17"]
[Round "3"]
[White "Nyzhnyk, I."]
[Black "Bluvshtein, M."]
[Result "1/2-1/2"]
[WhiteElo "2530"]
[BlackElo "2590"]
[PlyCount "50"]
[EventDate "2011.01.14"]

1. d4 Nf6 2. c4 e6 3. Nf3 c5 4. d5 exd5 5. cxd5 d6 6. a4 Bg4 7. Nc3 Bxf3 8.
gxf3 g6 9. Qb3 Na6 10. Bg5 Nb4 11. Na2 Bg7 12. Nxb4 cxb4 13. Qxb4 O-O 14. Rd1
h6 15. Bf4 Nh5 16. Bd2 a5 17. Qb3 Re8 18. Bg2 Qh4 19. e3 Nf4 20. Kf1 Nxg2 21.
Kxg2 Qg5+ 22. Kf1 Qh5 23. Kg2 Qg5+ 24. Kf1 Qh5 25. Kg2 Qg5+ 1/2-1/2

[Event "73rd Tata Steel GMC"]
[Site "Wijk aan Zee NED"]
[Date "2011.01.17"]
[Round "3"]
[White "Siebrecht, S."]
[Black "Bok, B."]
[Result "1/2-1/2"]
[WhiteElo "2439"]
[BlackElo "2453"]
[PlyCount "199"]
[EventDate "2011.01.14"]

1. c4 Nf6 2. g3 c6 3. Nf3 d5 4. Bg2 dxc4 5. O-O Nbd7 6. Na3 Nb6 7. Qc2 Qd5 8.
Ne1 Qf5 9. e4 Qh5 10. Nxc4 e5 11. Nf3 Nxc4 12. Qxc4 Be6 13. Qc3 Bd6 14. d4 Nxe4
15. Qe1 f5 16. dxe5 Bc5 17. Be3 Bc4 18. Bxc5 Nxc5 19. Qb4 Bxf1 20. Rxf1 Ne6 21.
Nd2 Qf7 22. Nc4 Qe7 23. Nd6+ Kf8 24. Re1 g6 25. h4 a5 26. Qa3 h5 27. b4 a4 28.
b5 cxb5 29. Bxb7 Rd8 30. Bd5 Nc7 31. Bc6 Kg8 32. Qe3 Kh7 33. Rd1 Rhf8 34. f4
Ne8 35. Bxe8 Rfxe8 36. Qc5 Rg8 37. Kh2 Rb8 38. Qc6 Qa7 39. Kh3 Qa8 40. Qc7+ Rg7
41. Nf7 Qb7 42. Ng5+ Kh6 43. Qd6 Qc7 44. Ne6 Qxd6 45. exd6 Rgb7 46. Nc5 Ra7 47.
Ne6 Re8 48. Nc7 Rc8 49. Nxb5 Rd7 50. Nc7 Kg7 51. Rd5 Kf7 52. Kg2 Rb8 53. Nb5
Rc8 54. Nc7 Rb8 55. Nb5 Re8 56. Kf3 Re1 57. a3 Rf1+ 58. Ke3 Rg1 59. Kd4 Rxg3
60. Kc5 Ke8 61. Nc7+ Kd8 62. Ne6+ Kc8 63. Kc6 Rc3+ 64. Nc5 Kd8 65. Re5 Ra7 66.
Kb6 Rd7 67. Re6 Rg7 68. Kc6 Rc1 69. Re2 Ra7 70. Kb6 Rd7 71. Re6 Rg7 72. Rf6 Ke8
73. Ne6 Rg8 74. Nc5 Rg7 75. Kc6 Rc2 76. Re6+ Kd8 77. Re1 Ra7 78. Kb6 Rd7 79.
Re6 Rg7 80. Kc6 Rc1 81. Kb5 Rb1+ 82. Kc4 Rd1 83. Nxa4 Rc1+ 84. Kd4 Kd7 85. Rf6
Kc6 86. Nb2 Ra7 87. d7+ Kc7 88. Nd3 Rd1 89. Kc4 Rxa3 90. Ne5 Rxd7 91. Nxd7 Kxd7
92. Rxg6 Ra4+ 93. Kd5 Rxf4 94. Rg7+ Kd8 95. Ke5 Rxh4 96. Kxf5 Ra4 97. Rh7 h4
98. Kg5 Ke8 99. Rxh4 Rxh4 100. Kxh4 1/2-1/2